| 000 | 00414 a2200145 4500 | ||
|---|---|---|---|
| 999 |
_c5305 _d5305 |
||
| 020 | _a8872040620 | ||
| 050 | _aN 2550 FAL 1993 | ||
| 100 |
_aFalletti, Franca _eauthor |
||
| 245 |
_aThe David and the accademia gallery : _b108 color illustrations / _cFranca Fallet |
||
| 264 |
_aItaly: _bBonechi, _c1993 |
||
| 300 |
_a95p.: _bill.(col.) |
||
| 500 | _a No index | ||
| 650 | _aArt gallery | ||
| 942 |
_2lcc _cBK _h2550 _iFAL _kN |
||